000 nam a22 7a 4500
999 _c1487
_d1487
005 20170509161338.0
008 170509b1989 my ||||| |||| 00| 0 may d
020 _a9836111101
040 _aAKMAL
082 _a307.14 RAH
090 _a307.14
_bRAH
100 _aRahimah Abdul Aziz
_92955
245 1 _aPengantar sosiology pembangunan /
_cRahimah Abdul Aziz
260 _aKuala Lumpur :
_bDewan Bahasa dan Pustaka,
_c1989
300 _axv, 237ms. :
_c22cm
504 _aBibliografi: ms. 219-231
650 _aEconomic development
_xSocial aspects
_92956
650 _aSocial change
_91104
942 _2ddc
_cBOOK